00171nam a2200073Ia 4500008004100000100002300041245001500064260001800079170524s9999 xx 000 0 und d aSTONER- JAMES A.F. 0aMANAGEMENT bPHI NEW DELHI